[Event "Women's Speed Chess Q4"]
[Site "chess.com INT"]
[Date "2021.06.03"]
[Round "7"]
[White "Klinova, Masha"]
[Black "Bivol, Alina"]
[Result "0-1"]
[WhiteTitle "IM"]
[BlackTitle "WGM"]
[WhiteElo "2275"]
[BlackElo "2385"]
[WhiteFideId "2802015"]
[BlackFideId "4100123"]
[EventDate "2021.06.03"]

1. e4 e6 2. Nf3 d5 3. Nc3 d4 4. Ne2 c5 5. Ng3 Nc6 6. Bb5 Qc7 7. O-O e5 8. Bxc6+
bxc6 9. d3 Be7 10. b3 Nf6 11. h3 O-O 12. a4 Ne8 13. Qe2 h6 14. Nf5 Bxf5 15. exf5
Bd6 16. Nd2 Nf6 17. Ne4 Nd5 18. Ba3 Rfe8 19. Qg4 Kh8 20. Bxc5 Bxc5 21. Nxc5 Nf6
22. Qf3 a5 23. Ne4 Nd5 24. Rae1 f6 25. g3 Qe7 26. Kh2 Qb4 27. Qd1 Ne7 28. Qh5
Rf8 29. f4 exf4 30. Rxf4 Nd5 31. Rff1 Ne3 32. Rxe3 dxe3 33. Qe2 Rfe8 34. Qxe3
Rad8 35. Rf2 Qa3 36. Qb6 Rd5 37. Qxc6 Rde5 38. Nxf6 Re2 39. Ne4 Rxf2+ 40. Nxf2
Re2 41. Kg2 Qe7 42. Qf3 Rxc2 43. h4 Qf7 44. Kh3 Qxb3 45. Ne4 Qb7 46. f6 Qd7+ 47.
g4 h5 48. fxg7+ Qxg7 49. gxh5 Qd7+ 50. Kg3 Qc7+ 51. Kh3 Qh2+ 52. Kg4 Qg1+ 53.
Kf5 Rc1 54. Kf6 Rf1 0-1

[Event "Women's Speed Chess Q4"]
[Site "chess.com INT"]
[Date "2021.06.03"]
[Round "7"]
[White "Batsiashvili, Nino"]
[Black "Dauletova, Gulmira"]
[Result "1-0"]
[WhiteTitle "GM"]
[BlackTitle "WGM"]
[WhiteElo "2491"]
[BlackElo "2285"]
[WhiteFideId "13602993"]
[BlackFideId "13702971"]
[EventDate "2021.06.03"]

1. d4 Nf6 2. c4 e6 3. Nc3 b6 4. e4 Bb7 5. Bd3 d6 6. Nf3 Nbd7 7. O-O Be7 8. Re1
e5 9. d5 Nc5 10. Bf1 a5 11. b3 O-O 12. a3 a4 13. b4 Nb3 14. Ra2 Nxc1 15. Qxc1
Qd7 16. Qd1 c6 17. b5 cxd5 18. cxd5 Rfc8 19. Nxa4 Bd8 20. Nb2 Rc5 21. a4 Qc7 22.
Nd3 Rc3 23. Nb4 Qc5 24. Nc6 Nh5 25. Nfxe5 dxe5 26. Qxh5 Bf6 27. Qd1 Ra3 28. Rxa3
Qxa3 29. Qa1 Rxa4 30. Qxa3 Rxa3 31. f4 Bxc6 32. bxc6 Rc3 33. g3 g6 34. Ba6 Kf8
35. Rd1 exf4 36. gxf4 b5 37. Bxb5 Bd8 38. d6 Bb6+ 39. Kg2 Rc2+ 40. Kg3 Rc3+ 41.
Rd3 Rc5 42. c7 Bxc7 43. dxc7 Rxc7 44. Rd7 Rc5 45. Bd3 Kg7 46. e5 h5 47. e6 Rc3
48. Rxf7+ Kg8 49. Rd7 Kf8 50. Kf3 Kg8 51. Ke3 Kf8 52. Ke4 Rc1 53. Ke5 Re1+ 54.
Kf6 Ke8 55. Bxg6+ Kf8 56. Rd8# 1-0

[Event "Women's Speed Chess Q4"]
[Site "chess.com INT"]
[Date "2021.06.03"]
[Round "7"]
[White "Rakshitta, Ravi"]
[Black "Nguyen, Hong Anh"]
[Result "0-1"]
[WhiteTitle "WIM"]
[BlackTitle "WIM"]
[WhiteElo "2190"]
[BlackElo "1993"]
[WhiteFideId "25073230"]
[BlackFideId "12406732"]
[EventDate "2021.06.03"]

1. e4 c5 2. Nf3 Nc6 3. d4 cxd4 4. Nxd4 g6 5. Nc3 Bg7 6. Nb3 Nf6 7. Be2 O-O 8.
O-O d6 9. Be3 Be6 10. f4 Rc8 11. Bf3 a6 12. Nd5 Bxd5 13. exd5 Na5 14. Bd4 Nc4
15. Nd2 Nb6 16. Bxf6 Bxf6 17. c3 Qd7 18. Ne4 Bg7 19. Re1 Qb5 20. Qe2 Qxe2 21.
Rxe2 Nxd5 22. Rd1 Nxf4 23. Ree1 Ne6 24. Nd2 Rc7 25. Nb3 b5 26. Bd5 Nc5 27. Nxc5
dxc5 28. Bf3 e6 29. Rd6 a5 30. Red1 b4 31. Ra6 bxc3 32. bxc3 Bxc3 33. Rc1 Bb4
34. a3 Bxa3 35. Rc4 Bb4 36. Bc6 Rd8 37. Kf2 Rd6 38. Ra8+ Kg7 39. Bb5 Rd4 40. Ke3
Rb7 41. Ba6 Rbd7 42. Rc2 Rd2 43. Rc1 Rxg2 44. Bb5 Bd2+ 45. Kf3 Bxc1 46. Bxd7
Rxh2 47. Rxa5 Rd2 48. Be8 Rd8 49. Ba4 Ba3 50. Bb3 Bb4 51. Ra7 Rd3+ 52. Ke4 Rxb3
53. Ke5 Re3+ 54. Kf4 Re1 55. Rc7 h5 56. Kg5 Re5+ 57. Kf4 Rd5 58. Rc8 h4 59. Kg4
g5 60. Kh5 Rd1 61. Kg4 Kf6 62. Rc7 Rg1+ 63. Kh5 h3 64. Kh6 h2 65. Kh7 h1=Q+ 66.
Kg8 Qa8+ 67. Kh7 Rh1# 0-1

[Event "Women's Speed Chess Q4"]
[Site "chess.com INT"]
[Date "2021.06.03"]
[Round "7"]
[White "Zawadzka, Jolanta"]
[Black "Girya, Olga"]
[Result "0-1"]
[WhiteTitle "WGM"]
[BlackTitle "WGM"]
[WhiteElo "2399"]
[BlackElo "2451"]
[WhiteFideId "1122320"]
[BlackFideId "4195752"]
[EventDate "2021.06.03"]

1. e4 c6 2. d4 d5 3. Nd2 dxe4 4. Nxe4 Bf5 5. Ng3 Bg6 6. h4 h6 7. Nf3 Nd7 8. Bd3
Bxd3 9. Qxd3 e6 10. Bd2 Ngf6 11. O-O-O Qc7 12. Ne4 Rd8 13. g3 c5 14. Nxf6+ Nxf6
15. Qb5+ Qd7 16. Qxd7+ Rxd7 17. Be3 cxd4 18. Bxd4 a6 19. Rd3 Be7 20. Rhd1 Rd8
21. Rb3 b5 22. Rc3 O-O 23. Rc6 Ra8 24. Bxf6 Bxf6 25. c3 Rfc8 26. Rdd6 Rxc6 27.
Rxc6 Kf8 28. Kc2 Ra7 29. Nd2 Ke7 30. Ne4 Be5 31. Rc8 Rc7 32. Ra8 Rc6 33. Ra7+
Bc7 34. b3 f5 35. Nd2 Kf6 36. c4 Bd6 37. f3 Bxg3 38. Kd3 Bxh4 39. cxb5 axb5 40.
Rb7 Rd6+ 41. Ke2 Bg5 42. Nf1 h5 43. Rxb5 h4 44. a4 h3 45. Kf2 Bf4 46. Rb4 g5 47.
Rb7 h2 48. Rh7 Rb6 49. Nxh2 Rxb3 50. Nf1 Rb2+ 51. Ke1 Ra2 52. Ra7 Bd6 53. Ra6
Bb4+ 54. Kd1 g4 55. fxg4 fxg4 56. Ng3 Ra3 57. Ne4+ Ke5 58. Nf2 g3 59. Nd3+ Rxd3+
60. Ke2 Ra3 61. Ra8 g2 62. Rg8 Ra2+ 63. Kf3 Bc5 64. Rxg2 Rxg2 65. Kxg2 Kd6 66.
Kf1 Bd4 67. Ke2 Kc5 68. Kd3 e5 69. Ke4 Kb4 70. Kd3 Kxa4 71. Ke4 Kb5 0-1

[Event "Women's Speed Chess Q4"]
[Site "chess.com INT"]
[Date "2021.06.03"]
[Round "7"]
[White "Pourkashiyan, Atousa"]
[Black "Vu, Bui Thi Thanh Van"]
[Result "1-0"]
[WhiteTitle "WGM"]
[BlackTitle "WFM"]
[WhiteElo "2322"]
[BlackElo "1750"]
[WhiteFideId "12502014"]
[BlackFideId "12408921"]
[EventDate "2021.06.03"]

1. e4 e6 2. d4 d5 3. Nd2 c5 4. exd5 Qxd5 5. Ngf3 cxd4 6. Bc4 Qd6 7. O-O Nf6 8.
Nb3 Nc6 9. Nbxd4 Nxd4 10. Nxd4 a6 11. Re1 Be7 12. Bb3 O-O 13. Bg5 Bd7 14. c3
Rfe8 15. Qe2 Nd5 16. Bxe7 Nxe7 17. Rad1 Qc7 18. Bc2 Ng6 19. g3 e5 20. Nf5 Bc6
21. h4 Re6 22. Qg4 f6 23. Nh6+ gxh6 24. Qxe6+ Qf7 25. Bb3 Qxe6 26. Bxe6+ Kf8 27.
Bd5 Ne7 28. Bxc6 Nxc6 29. Rd7 b5 30. Rxh7 Rd8 31. Rh8+ Ke7 32. Rxd8 Nxd8 33. Kg2
Ne6 34. Kf3 Nc5 35. Rd1 Na4 36. Rd2 Nb6 37. Ke3 Nc4+ 38. Kd3 e4+ 39. Ke2 Nxd2
40. Kxd2 Ke6 41. Ke3 Ke5 42. f3 exf3 43. Kxf3 h5 44. b3 a5 45. c4 bxc4 46. bxc4
Kd4 47. Kf4 Kxc4 48. Kf5 a4 49. Kxf6 a3 50. Kg5 Kc3 51. Kxh5 Kb2 52. g4 Kxa2 53.
g5 Kb2 54. g6 a2 55. g7 a1=Q 56. g8=Q Qd1+ 57. Qg4 Qd5+ 58. Qg5 Qf7+ 59. Kh6
Qe6+ 60. Qg6 Qe3+ 61. Kh7 Qh3 62. h5 Qd7+ 63. Qg7+ Qxg7+ 64. Kxg7 1-0

[Event "Women's Speed Chess Q4"]
[Site "chess.com INT"]
[Date "2021.06.03"]
[Round "7"]
[White "Varshini, V"]
[Black "Obregon Garcia, Roxangel"]
[Result "1-0"]
[WhiteTitle "WGM"]
[BlackTitle "WIM"]
[WhiteElo "2226"]
[BlackElo "2167"]
[WhiteFideId "5091241"]
[BlackFideId "3520420"]
[EventDate "2021.06.03"]

1. e4 c5 2. Nc3 Nc6 3. g3 g6 4. Bg2 Bg7 5. d3 e6 6. Be3 d6 7. Qd2 Nd4 8. Nd1 Rb8
9. c3 Nc6 10. Ne2 Nge7 11. Bh6 O-O 12. h4 f6 13. Bxg7 Kxg7 14. h5 g5 15. f4 h6
16. Nf2 d5 17. Ng4 dxe4 18. dxe4 Qxd2+ 19. Kxd2 e5 20. Ne3 Be6 21. Kc2 Rfd8 22.
Rad1 Rbc8 23. f5 Bf7 24. g4 Nd4+ 25. cxd4 cxd4+ 26. Kd3 dxe3+ 27. Kxe3 Bxa2 28.
Rxd8 Rxd8 29. Ra1 Bc4 30. Nc1 Nc6 31. Ra3 Rd1 32. Rc3 Ba6 33. Bf3 Rd7 34. Nb3
Nd4 35. Nc5 Re7 36. Nxa6 bxa6 37. Bd1 Rb7 38. b3 Kf7 39. b4 Rxb4 40. Rc7+ Kg8
41. Rxa7 Rb6 42. Ra8+ Kf7 43. Ra7+ Ke8 44. Rh7 a5 45. Rxh6 Ra6 46. Rg6 Kf7 47.
h6 a4 48. Be2 Ra8 49. Bc4+ Kf8 50. h7 1-0

[Event "Women's Speed Chess Q4"]
[Site "chess.com INT"]
[Date "2021.06.03"]
[Round "7"]
[White "Tokhirjonova, Gulrukhbegim"]
[Black "Buksa, Nataliya"]
[Result "1/2-1/2"]
[WhiteTitle "WGM"]
[BlackTitle "IM"]
[WhiteElo "2350"]
[BlackElo "2414"]
[WhiteFideId "14203626"]
[BlackFideId "14123622"]
[EventDate "2021.06.03"]

1. e4 c5 2. Nf3 Nc6 3. Bb5 g6 4. c3 Nf6 5. Qe2 Bg7 6. O-O O-O 7. d4 cxd4 8. cxd4
d5 9. e5 Ne4 10. Rd1 Qb6 11. Nc3 Nxc3 12. bxc3 Bg4 13. a4 Na5 14. h3 Bf5 15. Ba3
Qc7 16. g4 Bd7 17. Bxe7 Bxb5 18. axb5 Rfe8 19. Bb4 Nc4 20. Nd2 Nb6 21. Qf3 Qd7
22. Bc5 Qxb5 23. Rdb1 Qc6 24. Nb3 Nc4 25. g5 b6 26. Ba3 a5 27. Bc1 a4 28. Nd2 b5
29. Nxc4 bxc4 30. Ba3 Bf8 31. Bxf8 Rxf8 32. Qd1 a3 33. Rb4 Qd7 34. Kh2 Qf5 35.
Qd2 Ra7 36. Ra2 Rfa8 37. Kg3 Kg7 38. h4 h5 39. gxh6+ Kh7 40. Rb6 Rg8 41. Rf6 Qb1
42. Qc2 Qg1+ 43. Kh3 Qh1+ 44. Kg3 Kxh6 45. Qd2+ Kh7 46. Qf4 Qg1+ 47. Kh3 Qf1+
48. Kg3 Qd3+ 49. f3 Kg7 50. e6 fxe6 51. Qe5 Kh7 52. Rxe6 Rgg7 53. Re8 Qb1 54.
Qb8 Qxb8+ 55. Rxb8 Rgb7 56. Rxb7+ Rxb7 57. Rxa3 Rb3 58. Ra5 Rxc3 59. Rxd5 Kh6
60. Rc5 Rc1 61. d5 Kg7 62. Kf4 Kf6 63. Rc6+ Kf7 64. Ke5 Re1+ 65. Kd4 Rh1 66.
Rxc4 Rxh4+ 67. Kc5 Rh3 68. f4 Rd3 69. Kc6 Ke7 70. Re4+ Kf7 71. d6 Rc3+ 72. Kd7
Kf6 73. Kd8 Rd3 74. d7 Kf5 75. Ra4 Ke6 76. Ra6+ Kf7 77. Kc7 Ke7 78. Kc8 Rxd7 79.
Rxg6 Rd4 80. Rg4 Kf6 81. Rh4 Kf5 82. Kc7 Rxf4 83. Rxf4+ Kxf4 1/2-1/2

[Event "Women's Speed Chess Q4"]
[Site "chess.com INT"]
[Date "2021.06.03"]
[Round "7"]
[White "Balabayeva, Xeniya"]
[Black "Nguyen, Thi Mai Hung"]
[Result "1-0"]
[WhiteTitle "WFM"]
[BlackTitle "WGM"]
[WhiteElo "2178"]
[BlackElo "2254"]
[WhiteFideId "13719688"]
[BlackFideId "12401676"]
[EventDate "2021.06.03"]

1. e4 e6 2. d4 d5 3. Nd2 Be7 4. Ngf3 Nf6 5. e5 Nfd7 6. Bd3 c5 7. c3 b6 8. O-O
Ba6 9. Bxa6 Nxa6 10. Re1 O-O 11. Nf1 Qc7 12. Bf4 Rac8 13. Bg3 cxd4 14. Nxd4 Nac5
15. f3 Nb8 16. Ne3 Nc6 17. Nec2 a6 18. Kh1 b5 19. Nxc6 Qxc6 20. Nd4 Qb6 21. Qd2
Na4 22. Rac1 b4 23. f4 bxc3 24. bxc3 Qb2 25. Rc2 Qa3 26. f5 Rxc3 27. fxe6 fxe6
28. Nxe6 Rxc2 29. Qxc2 Re8 30. Qc6 Rb8 31. Qc7 Qb4 32. Rc1 Qb7 33. Qa5 Nb6 34.
Rc7 Nc4 35. Rxb7 Rxb7 36. Qe1 Bb4 37. Qf1 Rf7 38. Nf4 g5 39. e6 Rf6 40. Qa1 Rf5
41. Nh5 Bc3 42. Qb1 Ne3 43. e7 Kf7 44. h3 Rf1+ 45. Qxf1+ Nxf1 46. Bd6 Ne3 47.
Ng3 Nc4 48. Bc5 Ne5 49. Nf5 Nc6 50. Nd6+ Kxe7 51. Ne4+ Ke6 52. Nxc3 d4 53. Nd1
Kd5 54. Bb6 Kc4 55. Kg1 Kd3 56. Kf2 Kc2 57. Ke1 d3 58. Be3 Ne5 59. Bd2 h6 60.
Ne3+ Kb2 61. Nf5 Kxa2 62. Nxh6 Kb2 63. Bxg5 a5 64. Bf6 Kc2 65. Bg5 1-0

[Event "Women's Speed Chess Q4"]
[Site "chess.com INT"]
[Date "2021.06.03"]
[Round "7"]
[White "Nikolova, Adriana"]
[Black "Pham, Le Thao Nguyen"]
[Result "0-1"]
[WhiteTitle "WGM"]
[BlackTitle "IM"]
[WhiteElo "2243"]
[BlackElo "2369"]
[WhiteFideId "2908689"]
[BlackFideId "12401226"]
[EventDate "2021.06.03"]

1. e4 c6 2. d4 d5 3. Nd2 dxe4 4. Nxe4 Nf6 5. Nxf6+ exf6 6. c3 Bd6 7. Bd3 Qe7+ 8.
Ne2 Bg4 9. Qc2 Nd7 10. O-O O-O-O 11. Be3 g6 12. Rae1 Bb8 13. Bf4 Bxf4 14. Nxf4
Qd6 15. Qd2 g5 16. Ne2 Be6 17. Ng3 h5 18. Nf5 Qc7 19. c4 Kb8 20. Rc1 Nc5 21. Bb1
Qd7 22. b4 Bxf5 23. Bxf5 Qxf5 24. bxc5 Qxc5 25. Rfd1 Qd6 26. Qc3 h4 27. Rb1 Ka8
28. Qf3 Rd7 29. d5 Rhd8 30. Rd3 cxd5 31. Rxd5 Qc6 32. Rbd1 Rxd5 33. cxd5 Qd6 34.
h3 a6 35. Qf5 Re8 36. Qf3 Re5 37. Qb3 f5 38. Qf3 Ka7 39. Qb3 f6 40. Qd3 Re7 41.
Qd2 f4 42. Qd3 Qb6 43. Qf3 Qd6 44. Kh2 Qe5 45. Kg1 Rd7 46. Qd3 Rd6 47. Kh2 f5
48. f3 g4 49. hxg4 fxg4 50. Qh7 g3+ 51. Kh3 Rxd5 52. Rxd5 Qxd5 53. Qxh4 Qe5 54.
Qg4 b5 55. Kh4 Kb6 56. Qg5 Qd6 57. Qf5 b4 58. Kg4 a5 59. Qf7 a4 60. Qe8 Qc6 61.
Qd8+ Qc7 62. Qd4+ Qc5 63. Qd8+ Kb5 64. Qb8+ Kc4 65. Qxf4+ Kc3 66. Kxg3 b3 67.
Qf6+ Kc2 68. axb3 axb3 69. Qg6+ Kc1 70. Qd3 b2 71. Qf1+ Kc2 72. Qe2+ Kb3 73.
Qd3+ Qc3 74. Qb5+ Kc2 75. Qe2+ Qd2 76. Qc4+ Kd1 77. Qb3+ Qc2 78. Qd5+ Kc1 79.
Qg5+ Qd2 80. Qc5+ Kd1 81. Qg1+ Qe1+ 82. Qxe1+ Kxe1 83. f4 b1=Q 84. Kg4 Qg6+ 85.
Kf3 Kf1 86. g4 Qd3# 0-1

[Event "Women's Speed Chess Q4"]
[Site "chess.com INT"]
[Date "2021.06.03"]
[Round "8"]
[White "Enkhtuul, Altan-Ulzii"]
[Black "Nguyen, Hong Ngoc"]
[Result "1-0"]
[WhiteTitle "WGM"]
[BlackTitle "WCM"]
[WhiteElo "2228"]
[BlackElo "1957"]
[WhiteFideId "4901444"]
[BlackFideId "12403083"]
[EventDate "2021.06.03"]

1. d4 d5 2. Nc3 c6 3. e4 dxe4 4. Nxe4 Nf6 5. Ng3 Nbd7 6. Nf3 e6 7. Bd3 Bd6 8.
O-O O-O 9. c4 b6 10. Re1 Bb7 11. Ne5 c5 12. Bg5 cxd4 13. Nxd7 Qxd7 14. Bxf6 gxf6
15. Qh5 f5 16. Nxf5 Bxh2+ 17. Kxh2 exf5 18. Bxf5 Qd6+ 19. g3 h6 20. Re6 Qxe6 21.
Bxe6 fxe6 22. Qg6+ Kh8 23. Qxh6+ Kg8 24. Qxe6+ Kh7 25. Qd7+ Kg6 26. Qxb7 Rxf2+
27. Kg1 Raf8 28. Qe4+ Kg5 29. Qh4+ Kg6 30. Qg4+ Kh6 31. Qxd4 R2f3 32. Kg2 R3f5
33. Rh1+ Kg6 34. Qg4+ Rg5 35. Qe6+ Rf6 36. Qg8+ Kf5 37. Rf1+ 1-0

[Event "Women's Speed Chess Q4"]
[Site "chess.com INT"]
[Date "2021.06.03"]
[Round "8"]
[White "Bivol, Alina"]
[Black "Gevorgyan, Maria"]
[Result "1-0"]
[WhiteTitle "WGM"]
[BlackTitle "WGM"]
[WhiteElo "2385"]
[BlackElo "2219"]
[WhiteFideId "4100123"]
[BlackFideId "13300270"]
[EventDate "2021.06.03"]

1. e4 c5 2. Nf3 Nc6 3. Bb5 g6 4. O-O Bg7 5. c3 d6 6. d4 cxd4 7. cxd4 a6 8. Bxc6+
bxc6 9. Nc3 Nf6 10. h3 O-O 11. e5 Nd7 12. Bf4 Nb6 13. Rc1 Rb8 14. b3 h6 15. exd6
exd6 16. Ne4 Rb7 17. Nxd6 Rd7 18. Nxc8 Qxc8 19. Qc2 Nd5 20. Be5 f6 21. Bg3 Ne7
22. Rfe1 Qb7 23. Nh4 f5 24. Rxe7 Rxe7 25. Nxg6 Rf6 26. Nxe7+ Qxe7 27. Bh4 Qd7
28. Bxf6 Bxf6 29. Qxc6 Qxd4 30. Qc8+ Kh7 31. Qxf5+ Kg7 1-0

[Event "Women's Speed Chess Q4"]
[Site "chess.com INT"]
[Date "2021.06.03"]
[Round "8"]
[White "Golubenko, Valentina"]
[Black "Arpita, Mukherjee"]
[Result "0-1"]
[WhiteTitle "WGM"]
[BlackTitle "WIM"]
[WhiteElo "2209"]
[BlackElo "2206"]
[WhiteFideId "4501993"]
[BlackFideId "5056403"]
[EventDate "2021.06.03"]

1. d4 Nf6 2. c4 g6 3. g3 Bg7 4. Bg2 d6 5. Nc3 O-O 6. Nf3 Nbd7 7. O-O e5 8. e4 c6
9. h3 exd4 10. Nxd4 Nc5 11. Be3 a5 12. Rc1 Re8 13. Qc2 a4 14. b3 Qa5 15. Rb1 Ne6
16. b4 Qc7 17. Nxe6 Bxe6 18. c5 d5 19. exd5 Nxd5 20. Nxd5 cxd5 21. Rfd1 Bf5 22.
Qc1 Bxb1 23. Qxb1 Rxe3 24. fxe3 Qxg3 25. Rxd5 Qxe3+ 26. Kh1 Re8 27. Rd1 Qg3 28.
Qc2 Be5 29. Kg1 Bd4+ 30. Kf1 Qf4+ 0-1

[Event "Women's Speed Chess Q4"]
[Site "chess.com INT"]
[Date "2021.06.03"]
[Round "8"]
[White "Nguyen, Hong Anh"]
[Black "Zawadzka, Jolanta"]
[Result "1-0"]
[WhiteTitle "WIM"]
[BlackTitle "WGM"]
[WhiteElo "1993"]
[BlackElo "2399"]
[WhiteFideId "12406732"]
[BlackFideId "1122320"]
[EventDate "2021.06.03"]

1. d4 d5 2. c4 e6 3. Nf3 Nf6 4. g3 Bb4+ 5. Bd2 Be7 6. Bg2 O-O 7. O-O c6 8. Qc2
b6 9. Bf4 Bb7 10. Nbd2 Nbd7 11. e4 dxe4 12. Nxe4 Nxe4 13. Qxe4 Nf6 14. Qe2 c5
15. Rfd1 Qc8 16. d5 exd5 17. Qxe7 Re8 18. Qc7 dxc4 19. Qxc8 Raxc8 20. Ne5 Bxg2
21. Kxg2 b5 22. Rd6 h6 23. Rad1 Ne4 24. Rd7 g5 25. Nxf7 gxf4 26. Nxh6+ Kh8 27.
Rxa7 fxg3 28. hxg3 Ra8 29. Rb7 Rxa2 30. Rdd7 Nf6 31. Rf7 Ra6 32. g4 1-0

[Event "Women's Speed Chess Q4"]
[Site "chess.com INT"]
[Date "2021.06.03"]
[Round "8"]
[White "Tokhirjonova, Gulrukhbegim"]
[Black "Padmini, Rout"]
[Result "0-1"]
[WhiteTitle "WGM"]
[BlackTitle "IM"]
[WhiteElo "2350"]
[BlackElo "2370"]
[WhiteFideId "14203626"]
[BlackFideId "5029295"]
[EventDate "2021.06.03"]

1. e4 c5 2. Nf3 Nc6 3. Bb5 e6 4. O-O Nge7 5. Re1 a6 6. Bf1 Ng6 7. g3 Be7 8. h4
d6 9. c4 Nge5 10. Nc3 h5 11. d3 Nxf3+ 12. Qxf3 Nd4 13. Qd1 g5 14. hxg5 Bxg5 15.
f4 Be7 16. Be3 Bd7 17. Bg2 Bc6 18. a3 h4 19. gxh4 Bxh4 20. Rf1 Qf6 21. Ne2 O-O-O
22. Nxd4 cxd4 23. Bf2 Rdg8 24. Qf3 Bxf2+ 25. Kxf2 Qh4+ 26. Ke2 Qh2 27. Rg1 Rg3
28. Qf2 Rhg8 0-1

[Event "Women's Speed Chess Q4"]
[Site "chess.com INT"]
[Date "2021.06.03"]
[Round "8"]
[White "Adam, Ernestina"]
[Black "Farhat Willemstein, Stela Souza"]
[Result "1-0"]
[WhiteTitle "WCM"]
[BlackTitle "WFM"]
[WhiteElo "1354"]
[BlackElo "1758"]
[WhiteFideId "165883"]
[BlackFideId "2109808"]
[EventDate "2021.06.03"]

1. e4 c5 2. Nf3 Nc6 3. d4 cxd4 4. Nxd4 Nf6 5. Nc3 g6 6. f3 Bg7 7. Be3 O-O 8. Qd2
d5 9. exd5 Nxd5 10. Nxd5 Qxd5 11. Nxc6 Qxd2+ 12. Bxd2 bxc6 13. c3 Be6 14. Bd3
Rab8 15. b3 Rfd8 16. Be4 Bd5 17. Bxd5 cxd5 18. O-O-O Rbc8 19. Kc2 d4 20. c4 d3+
21. Kc1 Rc6 22. Bb4 e6 23. f4 Ra6 24. Kb1 Rb6 25. Ba5 d2 26. Bxb6 axb6 27. Kc2
Bh6 28. Rxd2 Rxd2+ 29. Kxd2 Bxf4+ 30. Kc3 Bd6 31. g3 Bc5 32. b4 Bd6 33. Rd1 Be5+
34. Kb3 Kg7 35. c5 bxc5 36. bxc5 Kf6 37. Kc4 h5 38. a4 Kf5 39. a5 g5 40. a6 Bb8
41. c6 Bc7 42. a7 1-0

[Event "Women's Speed Chess Q4"]
[Site "chess.com INT"]
[Date "2021.06.03"]
[Round "8"]
[White "Kulkarni, Bhakti"]
[Black "Chitlange, Sakshi"]
[Result "1/2-1/2"]
[WhiteTitle "IM"]
[BlackTitle "WIM"]
[WhiteElo "2391"]
[BlackElo "2167"]
[WhiteFideId "5019516"]
[BlackFideId "35002899"]
[EventDate "2021.06.03"]

1. Nf3 Nf6 2. c4 e6 3. b3 d5 4. Bb2 b6 5. e3 Bb7 6. Be2 Nbd7 7. O-O Be7 8. Nc3
O-O 9. d4 c5 10. cxd5 Nxd5 11. Rc1 Rc8 12. Bc4 Nxc3 13. Bxc3 Nf6 14. Qe2 Ne4 15.
Bb2 Bf6 16. Rfd1 Qe7 17. Ba3 Rfd8 18. Bd3 Bd5 19. dxc5 bxc5 20. Bxe4 Bxe4 21.
Rxd8+ Qxd8 22. Rxc5 Rxc5 23. Bxc5 Qa5 24. b4 Qa3 25. h3 Bd5 26. e4 Qc1+ 27. Qe1
Qxe1+ 28. Nxe1 Bxa2 29. Bxa7 Bc3 30. Nd3 Bc4 31. Nc5 Bxb4 32. f3 f6 33. Kf2 Kf7
34. Ke3 Bxc5+ 35. Bxc5 Bf1 36. Kf2 Bc4 37. Bb4 Bb3 38. Bc3 Bc4 39. g3 Bb5 40. h4
Bc6 41. Ke3 f5 42. exf5 exf5 43. Kf4 g6 44. Bd4 Bd5 45. Bc5 Bc6 1/2-1/2

[Event "Women's Speed Chess Q4"]
[Site "chess.com INT"]
[Date "2021.06.03"]
[Round "8"]
[White "Tomilova, Elena"]
[Black "Varney, Zoe"]
[Result "1-0"]
[WhiteTitle "WGM"]
[BlackTitle "WCM"]
[WhiteElo "2338"]
[BlackElo "1917"]
[WhiteFideId "4162340"]
[BlackFideId "436135"]
[EventDate "2021.06.03"]

1. c4 c6 2. d4 d5 3. cxd5 cxd5 4. Bg5 Nc6 5. Nc3 f6 6. e4 fxg5 7. exd5 Nb8 8.
Bb5+ Bd7 9. Nf3 Nf6 10. Qb3 Bxb5 11. Nxb5 a6 12. Nc3 Qc7 13. O-O Nbd7 14. Rac1
g4 15. Ng5 Qd6 16. Ne6 Kf7 17. f3 g3 18. hxg3 g6 19. f4 Bh6 20. Rce1 Rhc8 21.
Ng5+ Kg8 22. Re6 Qc7 23. d6 Qc4 24. Qxc4 Rxc4 25. dxe7 Re8 26. d5 Rd4 27. d6 Nc5
28. Rxf6 b5 29. a3 Nb7 30. Nce4 Bg7 31. Re6 Nc5 32. Nxc5 1-0

[Event "Women's Speed Chess Q4"]
[Site "chess.com INT"]
[Date "2021.06.03"]
[Round "8"]
[White "Agrest, Inna"]
[Black "Zakirova, Aisha"]
[Result "1-0"]
[WhiteTitle "WIM"]
[BlackTitle "WCM"]
[WhiteElo "2285"]
[BlackElo "1585"]
[WhiteFideId "1708830"]
[BlackFideId "13719734"]
[EventDate "2021.06.03"]

1. e4 c5 2. Nf3 d6 3. d4 cxd4 4. Nxd4 Nf6 5. Nc3 Nc6 6. Bg5 e6 7. Qd2 a6 8.
O-O-O Bd7 9. f3 Be7 10. h4 Rc8 11. Kb1 b5 12. Nxc6 Bxc6 13. Ne2 Qb6 14. Nd4 O-O
15. g4 b4 16. Be3 Qb7 17. h5 Nd7 18. g5 Nc5 19. g6 h6 20. Bxh6 Na4 21. Bxg7 Kxg7
22. h6+ Kxg6 23. Qg2+ Bg5 24. Bd3 e5 25. Rdg1 f6 26. Ne6 Rg8 27. Nxg5 fxg5 28.
Qxg5+ Kh7 29. Qf5+ Kh8 30. Rg7 Nc3+ 31. Ka1 Rxg7 32. hxg7+ Kxg7 33. Rh7+ Kg8 34.
Rxb7 Bxb7 35. bxc3 bxc3 36. Qe6+ Kh8 37. Qxd6 Rg8 38. Qxe5+ Kh7 39. Qf5+ Kh8 40.
Qe5+ Kh7 41. Qxc3 Rg1+ 42. Kb2 a5 43. Qe5 a4 44. Qf5+ Kh8 45. e5 a3+ 46. Kxa3
Rg7 47. Qf8+ Rg8 48. Qh6# 1-0

[Event "Women's Speed Chess Q4"]
[Site "chess.com INT"]
[Date "2021.06.03"]
[Round "8"]
[White "Zaichenko, Daria"]
[Black "Kazarian, Anna-Maja"]
[Result "0-1"]
[WhiteTitle "WFM"]
[BlackTitle "FM"]
[WhiteElo "2104"]
[BlackElo "2096"]
[WhiteFideId "4197453"]
[BlackFideId "1033689"]
[EventDate "2021.06.03"]

1. e4 e6 2. d4 d5 3. e5 c5 4. c3 Nc6 5. Nf3 Qb6 6. a3 Bd7 7. b4 cxd4 8. cxd4
Nge7 9. Bb2 Nf5 10. g4 Nfe7 11. Nc3 Ng6 12. Qd2 h5 13. g5 Rc8 14. Na4 Qc7 15.
Nc5 a5 16. b5 Ncxe5 17. Nxe5 Nxe5 18. Nxd7 Nxd7 19. Bd3 Bd6 20. h4 g6 21. Rc1
Qd8 22. Rxc8 Qxc8 23. Qxa5 O-O 24. Qc3 Qb8 25. O-O Bf4 26. Kg2 Rc8 27. Qb3 Qd6
28. a4 e5 29. f3 Qe6 30. dxe5 Nc5 31. Qa3 Bd2 32. f4 Qg4+ 33. Kf2 Qxf4+ 34. Ke2
Qe3+ 35. Kd1 Nxd3 36. Ba1 Nf2+ 0-1

[Event "Women's Speed Chess Q4"]
[Site "chess.com INT"]
[Date "2021.06.03"]
[Round "8"]
[White "Li, Xueyi"]
[Black "Zaksaite, Salomeja"]
[Result "1-0"]
[WhiteTitle "WGM"]
[BlackTitle "WIM"]
[WhiteElo "2328"]
[BlackElo "2202"]
[WhiteFideId "8605912"]
[BlackFideId "12801496"]
[EventDate "2021.06.03"]

1. d4 Nf6 2. c4 g6 3. g3 Bg7 4. Bg2 d5 5. cxd5 Nxd5 6. e4 Nb4 7. a3 N4c6 8. d5
Ne5 9. f4 Ned7 10. Nf3 c6 11. Nc3 cxd5 12. Nxd5 Nc6 13. O-O e6 14. Nc3 O-O 15.
Be3 Nf6 16. Bc5 Re8 17. Qxd8 Rxd8 18. Rad1 Bd7 19. e5 Ng4 20. h3 Nh6 21. Ne4 b6
22. Bf2 Be8 23. Nd6 Bf8 24. Ng5 Nf5 25. Nge4 Nxd6 26. Nf6+ Kh8 27. exd6 Na5 28.
Nxe8 Rxe8 29. d7 Red8 30. Bxa8 1-0